The economics of invention : A study of the determinants of inventive activity

Tallennettuna:
Bibliografiset tiedot
Päätekijä: Wyatt, Geoffrey
Aineistotyyppi: Kirja
Kieli:Undetermined
Julkaistu: Brighton Harvester Press 1986
Aiheet:
Tagit: Lisää tagi
Ei tageja, Lisää ensimmäinen tagi!
Thư viện lưu trữ: Trung tâm Học liệu Trường Đại học Cần Thơ
LEADER 00540nam a2200193Ia 4500
001 CTU_78054
008 210402s9999 xx 000 0 und d
082 |a 338.06 
082 |b W975 
100 |a Wyatt, Geoffrey 
245 4 |a The economics of invention : 
245 2 |b A study of the determinants of inventive activity 
245 0 |c Geoffrey Wyatt 
260 |a Brighton 
260 |b Harvester Press 
260 |c 1986 
650 |a Inventions 
650 |x Economic aspects 
980 |a Trung tâm Học liệu Trường Đại học Cần Thơ